📖150 premiers mots "Un amour de Swann" Marcel Proust - Statistiques

Statistiques générales
  • Ce quiz a Ă©tĂ© pris 10 fois
  • Le rĂ©sultat moyen est 89 sur 150
Statistiques - réponses
Mots % Correct
Ă 
100%
avait
100%
Cottard
100%
d'
100%
de
100%
des
100%
et
100%
l'
100%
le
100%
mais
100%
Mme
100%
n'
100%
ne
100%
Planté
100%
Potain.
100%
Rubinstein
100%
se
100%
Verdurin,
100%
Verdurin
100%
"Ça
88%
ça ! ",
88%
elle
88%
était
88%
il
88%
lĂ 
88%
la
88%
les
88%
Les
88%
par
88%
pas
88%
que
88%
qui
88%
un
88%
une
88%
étaient
75%
sur
75%
dont
63%
du
63%
femmes
63%
hommes
63%
mĂȘme
63%
Pour
63%
autre
50%
autres
50%
cet
50%
cet ...
50%
cette
50%
chez
50%
comme
50%
Credo
50%
disait :
50%
ĂȘtre
50%
plus
50%
soi-
50%
allaient
38%
devrait
38%
eux
38%
faire
38%
fallait
38%
fois
38%
jeune
38%
"petit
38%
Toute
38%
toute
38%
Wagner
38%
année-
25%
clan"
25%
groupe",
25%
partie
25%
permis
25%
savoir
25%
soirées
25%
adhérer
13%
condition
13%
égard
13%
envie
13%
gens
13%
jouer
13%
nécessaire :
13%
pianiste,
13%
pouvaient
13%
protégé
13%
salons,
13%
agrément
0%
articles
0%
curiosité
0%
déposer
0%
diagnostic
0%
docteur
0%
"enfonçait"
0%
ennuyeuses
0%
étant
0%
exclue.
0%
immédiatement
0%
mondaine
0%
"nouvelle
0%
noyau",
0%
persuader
0%
pluie,
0%
rebelles
0%
recrue"
0%
renseigner
0%
sentant
0%
suffisante
0%
tacitement
0%
voyait
0%
Aucun quiz correspondant
Distribution des résultats
% des personnes avec chaque résultat
Percentile par nombre de réponses
Votre historique - résultats
Vous n’avez pas pris ce quiz